| 000 | 00608nam a22002057a 4500 | ||
|---|---|---|---|
| 999 |
_c20921 _d20921 |
||
| 003 | AR-CdUCM | ||
| 008 | 190607b ||||| |||| 00| 0 spa d | ||
| 040 |
_aMUNICIPALIDAD PROVINCIAL DEL CUSCO _cBIBLIOTECA MUNICIPAL DEL CUSCO |
||
| 082 |
_a808.068 / _bEN54 |
||
| 110 |
_aSALVAT _933352 |
||
| 245 | _aEn sus manos esta el futuro de sus hijos / | ||
| 260 | _aBarcelona ; | ||
| 300 |
_bFotográficas e ilustraciones, _c22 cm. |
||
| 500 | _aLibro no enumerado. | ||
| 505 | _aContenido: Cuento. | ||
| 650 |
_aCuentos infantiles _914480 |
||
| 650 |
_aCuento _94671 |
||
| 942 |
_2ddc _cLIBROS |
||
| 945 | _aAndy | ||